Logo BPK

Biblioteka

Politechniki Koszalińskiej

Etyka środków przekazu / (Rekord nr 33569)

Szczegóły MARC
000 -ETYKIETA REKORDU
podpole kontrolne o stałej długości 00984nam a2200289 i 4500
001 - NUMER KONTROLNY REKORDU
pole kontrolne bg
020 ## - MIĘDZYNARODOWY ZNORMALIZOWANY NUMER KSIĄŻKI - ISBN
ISBN 8322106580 (WAiF)
020 ## - MIĘDZYNARODOWY ZNORMALIZOWANY NUMER KSIĄŻKI - ISBN
ISBN 8385889310 ("Ars Polona")
040 ## - ŹRÓDŁO KATALOGOWANIA
Instytucja, która utworzyła rekord BPK
041 0# - KOD JĘZYKA
Kod języka tekstu pl
Kod języka oryginału en
080 ## - UNIWERSALNA KLASYFIKACJA DZIESIĘTNA - UKD
UKD 659.3:174:[659.3:347.56:342.7](73)
920 ## - Międzynarodowy znormalizowany numer książki – ISBN
ISBN 83-221-0658-0 (WAiF)
920 ## - Międzynarodowy znormalizowany numer książki – ISBN
ISBN 83-85889-31-0 ("Ars Polona")
008 - POLE O STAŁEJ DŁUGOŚCI - DANE KONTROLNE
podpole kontrolne o stałej długości s pl f |000 0 pol
100 1# - NAZWA OSOBOWA
Nazwa osobowa RIVERS, William L.
245 10 - TYTUŁ/ODPOWIEDZIALNOŚĆ
Tytuł Etyka środków przekazu /
Pozostałe elementy strefy tytułu i oznaczenia odpowiedzialności William L. Rivers, Cleve Mathews ; przekł. [z ang.] Jan Zakrzewski, Ewa Krasnodębska.
246 ## - WARIANT TYTUŁU
Treść wyrażenia wprowadzającego Tyt. oryg.:
Tytuł Ethic for the media
260 ## - STREFA ADRESU WYDAWNICZEGO
Miejsce wydania Warszawa :
Nazwa wydawcy/dystrybutora "Ars Polona" :
-- Wydawnictwa Artystyczne i Filmowe,
Data publikacji, dystrybucji/powstania dokumentu 1995.
300 ## - STREFA OPISU FIZYCZNEGO
Objętość 315 s. ;
Rozmiary 23 cm.
500 ## - UWAGI OGÓLNE
Tekst uwagi Oryg. : "Ethic for the media" 1988.
504 ## - UWAGA DOTYCZĄCA BIBLIOGRAFII
Informacje o bibliografii Indeksy.
650 #9 - HASŁO PRZEDMIOTOWE W FORMIE NAZWY OGÓLNEJ LUB JEDNOSTKOWEJ
Nazwa ogólna lub geograficzna Środki masowego przekazu
Określnik ogólny etyka
650 #9 - HASŁO PRZEDMIOTOWE W FORMIE NAZWY OGÓLNEJ LUB JEDNOSTKOWEJ
Nazwa ogólna lub geograficzna Środki masowego przekazu
Określnik ogólny prawo
Określnik geograficzny Stany Zjednoczone
650 #9 - HASŁO PRZEDMIOTOWE W FORMIE NAZWY OGÓLNEJ LUB JEDNOSTKOWEJ
Nazwa ogólna lub geograficzna Zawód
Określnik ogólny etyka
700 1# - HASŁO DODATKOWE - NAZWA OSOBOWA
Nazwa osobowa MATHEWS, Cleve
856 ## - LOKALIZACJA I DOSTĘP DO ELEKTRONICZNYCH DOKUMENTÓW ZDALNYCH
Link (URL) http://koha.tu.koszalin.pl/cgi-bin/koha/opac-detail.pl?biblionumber=33569
Tekst linku Katalog online BPK
942 ## - DODATKOWE ELEMENTY (KOHA)
Typ dokumentu Książka
Egzemplarze
Wycofany Status egzemplarza Uszkodzony Dostępność Lokalizacja stała Lokalizacja bieżąca Miejsce przechowywania Sygnatura Kod kreskowy Dział Typ dokumentu
      Tylko na miejscu Biblioteka Politechniki Koszalińskiej Biblioteka Politechniki Koszalińskiej Czytelnia Wydziałowa ul. Kwiatkowskiego 6e 44156 01349351 07 Mass media. Dziennikarstwo Książka
© 2023 Biblioteka Politechniki Koszalińskiej :: KOHA